000 00384nab a2200133Ia 4500
003 ES-SlBCS
005 20210601125225.0
008 140529s1969 xxu||||| |||| 00| 0 eng d
041 _aeng
100 1 _aParsons, Howard L.
_9155587
245 0 0 _aBased On
_c Howard L. Parsons
773 0 _tPhilosophy and Phenomenological Research
_gvol. 30, 1969, págs. 113-115
_wRev1411
942 _cAR
999 _c526778
_d526778